书目信息 |
| 题名: |
药物分析
|
|
| 作者: | 傅强 , 吴红 主编 | |
| 分册: | ||
| 出版信息: | 北京 科学出版社 2017.06 |
|
| 页数: | 438页 | |
| 开本: | 26cm | |
| 丛书名: | ||
| 单 册: | ||
| 中图分类: | R917 | |
| 科图分类: | ||
| 主题词: | 药物分析--高等学校--教材 | |
| 电子资源: | ||
| ISBN: | 978-7-03-050690-0 | |
| 000 | 00943nam0 2200241 450 | |
| 001 | 674 | |
| 005 | 20180924093922.12 | |
| 010 | @a978-7-03-050690-0@dCNY98.00 | |
| 100 | @a20170802d2017 em y0chiy50 ea | |
| 101 | 0 | @achi |
| 102 | @aCN@b110000 | |
| 105 | @aa z 000yy | |
| 200 | 1 | @a药物分析@9yao wu fen xi@f傅强, 吴红主编 |
| 210 | @a北京@c科学出版社@d2017.06 | |
| 215 | @a438页@c图@d26cm | |
| 300 | @a全国高等医药院校药学类系列规划教材 普通高等教育“十三五”规划教材 | |
| 330 | @a本书在对药物分析学科赋予新的含义的基础上,强化药品质量的观念,以药品质量控制方法为主线,介绍了药品质量标准的内容及其建立方法;在常用分析方法和药物分析对象介绍的基础上,按照药物分析应用的领域,从药品的研制、生产、流通、应用和监管等方面介绍药物分析方法的特点和应用。 | |
| 606 | 0 | @a药物分析@x高等学校@j教材 |
| 690 | @aR917@v5 | |
| 701 | 0 | @a傅强@9fu qiang@4主编 |
| 701 | 0 | @a吴红@9wu hong@4主编 |
| 801 | 0 | @aCN@b91MARC@c20170802 |
| 905 | @aMuseLib@dR917@e142 | |
| 药物分析/傅强, 吴红主编.-北京:科学出版社,2017.06 |
| 438页:图;26cm |
| 全国高等医药院校药学类系列规划教材 普通高等教育“十三五”规划教材 |
| ISBN 978-7-03-050690-0:CNY98.00 |
| 本书在对药物分析学科赋予新的含义的基础上,强化药品质量的观念,以药品质量控制方法为主线,介绍了药品质量标准的内容及其建立方法;在常用分析方法和药物分析对象介绍的基础上,按照药物分析应用的领域,从药品的研制、生产、流通、应用和监管等方面介绍药物分析方法的特点和应用。 |
| ● |
| 相关链接 |
|
|
|
|
正题名:药物分析
索取号:R917/142
 
预约/预借
| 序号 | 登录号 | 条形码 | 馆藏地/架位号 | 状态 | 备注 |
| 1 | 1120133 | 211201331 | 第二样本阅览室/ [索取号:R917/142] | 在馆 | |
| 2 | 1120134 | 211201340 | 第三借阅区/ [索取号:R917/142] | 在馆 | |
| 3 | 1120135 | 211201359 | 第三借阅区/ [索取号:R917/142] | 在馆 |